000 00294nam a2200121Ia 4500
005 20251222144752.0
008 251222s9999||||xx |||||||||||||| ||spa||
082 _a352.007.2/Q23
100 _aQuevedo Aguilera, Wilberto
245 0 _aParadigmas Municipales
264 _bGrafipel
942 _cLIB
999 _c19376
_d19376